Les Pokémon des Doyens et du Maitre de Pokémon Soleil et Lune - Statistiques

Statistiques générales
  • Ce quiz a été pris 48 fois
  • Le résultat moyen est 15 sur 34
Statistiques - réponses
Hint Réponse % Correct
Lougaroc
97%
Euphorbe Lougaroc
97%
Persian
79%
Bourrinos
76%
Félinferno
70%
Oratoria
70%
Archéduc
67%
Crabagarre
64%
Hariyama
64%
Makuhita
58%
Chelours
48%
Alyxia Tarinor
48%
Colossinge
45%
Paulie Triopikeur
45%
Grolem
42%
Pectorius Férosinge
39%
Feunard
39%
Tarinorme
39%
Ronflex
36%
Dahn Ténéfix
36%
Crocorible
33%
Crocorible
33%
Géolithe
33%
Gueriaigle
33%
Tritosor
33%
Escroco
30%
Magnézone
30%
Relicanth
30%
Strassie
30%
Absol
27%
Libégon
27%
Tartard
24%
Corboss
18%
Craboninable
0%
Aucun quiz correspondant
Distribution des résultats
% des personnes avec chaque résultat
Percentile par nombre de réponses
Votre historique - résultats
Vous n’avez pas pris ce quiz